| 000 | 00533nam a2200205Ia 4500 | ||
|---|---|---|---|
| 008 | 180207s9999 xx 000 0 und d | ||
| 020 | _a9781591846109 | ||
| 050 | _bG575 2012 | ||
| 100 | _aGobin, Seth | ||
| 245 | _aV is for vulnerable : | ||
| 245 | _blife outside the comfort zone / | ||
| 245 | _cby Seth Gobin ; illustrated by Hugh MacLeod. | ||
| 260 | _aNew York : | ||
| 260 | _bPenguin, | ||
| 260 | _c2012 | ||
| 300 | _aunpaged : | ||
| 300 | _bchiefly colored ; | ||
| 300 | _c21cm. | ||
| 440 | _aAn ABC for grownups. | ||
| 999 |
_c355831 _d355831 |
||